| 000 | 01336nam0a2200373 4500 | ||
|---|---|---|---|
| 001 | RU\NLR\BIBL_A\012382846 | ||
| 005 | 20260607073526.0 | ||
| 010 |
_a978-5-906950-80-2 _92000 |
||
| 021 |
_aRU _bКН-П-20-038056 _9КН-П-20-2883 |
||
| 035 | _a(NLR Aleph) 012382846 | ||
| 035 | _a(RuMoRGB)010369536 | ||
| 090 |
_a11636324 _c11636324 |
||
| 100 | _a20201020d2020 d y0rusy50 ca | ||
| 101 | 0 | _arus | |
| 102 | _aRU | ||
| 105 | _aa|||z|||000ay | ||
| 181 | 0 |
_ai _baxxe |
|
| 182 | 0 | _an | |
| 200 | 1 |
_aЯ плюс все _eповесть _e[для среднего школьного возраста] _fКарен Арутюнянц _g[художник: Н. Сапунова] |
|
| 203 |
_aТекст _bвизуальный _cнепосредственный |
||
| 210 |
_aМосква _cАквилегия-М _d2020 |
||
| 215 |
_a220, [3] с. _cил. _d21 |
||
| 225 | 1 | _aСерия "Я + все" | |
| 300 | _aЗагл. обл. и корешка: Я + все | ||
| 512 | 1 | _aЯ + все | |
| 686 | 0 | _aШ9(2)62=Р7-4 | |
| 700 | 1 |
_aАрутюнянц _bК. Д. _f1961- _gКарен Давидович _3RU\NLR\AUTH\770162566 _9162522 |
|
| 702 | 1 |
_aСапунова _bН. _4040 |
|
| 942 | _cBOOK | ||
| 980 | _aNBR | ||
| 980 | _aNB | ||